| 000 | 02923nam a2200469 i 4500 | ||
|---|---|---|---|
| 001 | ebr10828907 | ||
| 003 | CaPaEBR | ||
| 006 | m o d | ||
| 007 | cr cn||||||||| | ||
| 008 | 090608t20082008sz a ob 101 0 eng|d | ||
| 020 | _z3908158176 | ||
| 020 | _z9783908158172 | ||
| 020 | _z9783908158264 | ||
| 020 | _a9783038132318 (e-book) | ||
| 040 |
_aCaPaEBR _beng _erda _epn _cCaPaEBR |
||
| 035 | _a(OCoLC)792820912 | ||
| 050 | 1 | 4 |
_aTA418.9.S62 _bS878 2008eb |
| 082 | 0 | 4 |
_a624.1 _222 |
| 111 | 2 |
_aInternational Conference "Smart Materials, Structures, and Systems" _n(3rd : _d2008 : _cAcireale, Italy), _jissuing body. |
|
| 245 | 1 | 0 |
_aSmart textiles : _b"smart textiles" : proceedings of the Focused Session A-11 "Smart Textiles" of Symposium A "Smart Materials and Micro/Nanosystems", held in Acireale, Sicily, Italy, June 8-13, 2008 as part of CIMTEC 2008 - 3rd International Conference "Smart Materials, Structures and Systems" / _cedited by Pietro Vincenzini, Rita Paradiso. |
| 264 | 1 |
_aStafa-Zuerich, Switzerland ; _aUK : _bTrans Tech Publications Ltd, _c[2008] |
|
| 264 | 4 | _c�2008 | |
| 300 |
_a1 online resource (189 pages) : _billustrations (some color). |
||
| 336 |
_atext _2rdacontent |
||
| 337 |
_acomputer _2rdamedia |
||
| 338 |
_aonline resource _2rdacarrier |
||
| 490 | 1 |
_aAdvances in science and technology, _x1661-819X ; _vvolume 60 |
|
| 500 | _aVol. 7 of 8 volumes from the 3rd International Conference "Smart Materials, Structures and Systems". | ||
| 504 | _aIncludes bibliographical references and indexes. | ||
| 588 | _aDescription based on print version record. | ||
| 590 | _aElectronic reproduction. Palo Alto, Calif. : ebrary, 2014. Available via World Wide Web. Access may be limited to ebrary affiliated libraries. | ||
| 650 | 0 |
_aSmart structures _vCongresses. |
|
| 650 | 0 |
_aSmart materials _vCongresses. |
|
| 655 | 0 | _aElectronic books. | |
| 700 | 1 |
_aVincenzini, P., _d1939- |
|
| 700 | 1 | _aParadiso, Rita. | |
| 711 | 2 |
_aInternational Conference on "Smart Materials, Structures, and Systems" _n(3rd : _d2008 : _cAcireale, Italy), _jissuing body. |
|
| 776 | 0 | 8 |
_iPrint version: _aInternational Conference "Smart Materials, Structures and Systems". _tSmart textiles : "smart textiles" : proceedings of the Focused Session A-11 "Smart Textiles" of Symposium A "Smart Materials and Micro/Nanosystems", held in Acireale, Sicily, Italy, June 8-13, 2008 as part of CIMTEC 2008 - 3rd International Conference "Smart Materials, Structures and Systems". _dStafa-Zuerich, Switzerland : Trans Tech Publications Ltd, [2008] _hx, 180 pages ; 24 cm. _kAdvances in science and technology ; volume 60 _x1661-819X ; _z9783908158264 _w(OCoLC)ocn315067865 _w(DLC) 2009278430 |
| 797 | 2 | _aebrary. | |
| 830 | 0 |
_aAdvances in science and technology (Faenza, Italy) ; _v60. |
|
| 856 | 4 | 0 |
_uhttp://site.ebrary.com/lib/rucke/Doc?id=10828907 _zAn electronic book accessible through the World Wide Web; click to view |
| 999 |
_c85415 _d85415 |
||